01781nam a2200385 a 4500001001200000003000800012006001900020007001500039008004100054010001700095020002500112020002700137040002100164035002100185043002100206050002600227082001500253245012800268260006000396300002500456504005100481505023100532533015200763650005200915650002000967650005600987650005101043650001901094650005501113655002901168700002801197700002701225710001701252856012601269ebr10752399CaPaEBRm o u cr cn|||||||||130114s2013 ja a sb i001 0 eng d z 2012048633 z9789280812237 (pbk.) z9789280871920 (e-book) aCaPaEBRcCaPaEBR a(OCoLC)868951055 aa-ja---aa------14aHD1289.J3bL63 2013eb04a333.7322300aLocal commons and democratic environmental governanceh[electronic resource] /cedited by Takeshi Murota and Ken Takeshita. aTokyo, Japan :bUnited Nations University Press,c2013. axxvi, 412 p. :bill. aIncludes bibliographical references and index.0 apt. I. Theoretical studies of the commons -- pt. II. Institution of the commons -- pt. III. Local commons and survival strategies under globalization -- pt. IV. Collaboration, democracy and multilevel environmental governance. aElectronic reproduction.bPalo Alto, Calif. :cebrary,d2013.nAvailable via World Wide Web.nAccess may be limited to ebrary affiliated libraries. 0aNatural resources, CommunalzJapanxManagement. 0aCommonszJapan. 0aEnvironmental policyzJapanxCitizen participation. 0aNatural resources, CommunalzAsiaxManagement. 0aCommonszAsia. 0aEnvironmental policyzAsiaxCitizen participation. 7aElectronic books.2local1 aMurota, Takeshi,d1943-1 aTakeshita, Ken,d1946-2 aebrary, Inc.40uhttp://site.ebrary.com/lib/rucke/Doc?id=10752399zAn electronic book accessible through the World Wide Web; click to view